000 01292nam a2200337 c 4500
003 BLK
005 20230504130922.0
008 180412b bul|||||r ||||||| ||bul||
010 _aKNG00011517000
020 _a954-419-057-0
_bиздат.: Отечество
040 _aBLK
041 _aBUL
_cBUL
080 _aБългарска литература
_b821.163.2
_x-4
_z821.163.2-4
700 1 _aИванов, Димитър
_eсъстав.
_9244226
700 1 _aКуманов, Милен Костадинов
_9364365
139 _aСтамболов, Стефан Николов
_bС 65
245 1 0 _aПублицистика 1875 - 1895
_cСтефан Николов Стамболов; състав. Димитър Иванов; състав. Милен Костадинов Куманов.
257 _aBGR
260 София
_bОтечество
_c1996
300 _a584 с.
_c22 см
380 _aX
490 1 _aПоредица Български страници
500 _a1 500 тир.
653 _aпублицистика
852 _aЦб 188113
856 4 _qpdf
_u
856 4 _qpdf
_u
942 _cKNG
_n0
_01
944 _aCR
_c15.01.2003
_kAB_DOS
944 _aED
_c26.11.2016
_k
999 _c10065
_d10065